000 00797nam1a22002531 4500
001 v19\rc\1985654
005 20260406230608.0
035 _a(NLR Aleph) 005068252
090 _a7067977
_c7067977
100 _a20251123 rusy50
101 0 _arus
102 _aRU
105 _ay z |||||
200 1 _aГодовой отчет Тверского общества сельского хозяйства...
210 _aТверь
_d1914-1916
215 _d22
710 0 2 _aТверское общество сельского хозяйства
_9461575
_3RU\NLR\AUTH\889982835
801 0 _aRU
_bNLR
_gpsbo
801 0 _aRU
_bRuMoRGB
_2psbo
801 1 _aRU
_bProSoft-M
_2rusmarc
852 _aNLR
_j18.317.7.145
899 _aRuMoRGB
_jS 46/342
_y(1912-1915)
942 _cBOOK
980 _aNB